Statistics for All Census Divisions of Canada on a Map

Click here to take the quiz!

General Stats

  • This quiz has been taken 396 times
  • The average score is 61 of 293

Answers on the Map

Answers color-coded by a green-red scale on the quiz's map according to % correct below.
 

Answer Stats

GroupAnswer% Correct
YukonYukon
77%
OntarioToronto
73%
British ColumbiaGreater Vancouver
72%
QuebecMontréal
68%
OntarioOttawa
64%
New Brunswick | Nova ScotiaVictoria
64%
QuebecQuébec
63%
New BrunswickSaint John
56%
Nova ScotiaHalifax
55%
NunavutBaffin
50%
OntarioThunder Bay
49%
OntarioHamilton
45%
OntarioPrince Edward
45%
OntarioNiagara
43%
Prince Edward IslandPrince
43%
OntarioGreater Sudbury
42%
OntarioSudbury
41%
New Brunswick | Nova Scotia | Prince Edward IslandKings
37%
New BrunswickCharlotte
34%
New Brunswick | OntarioYork
34%
OntarioEssex
31%
OntarioChatham-Kent
29%
QuebecLaval
29%
Nova ScotiaCape Breton
28%
Alberta | Manitoba | Newfoundland and Labrador | SaskatchewanDivision 1
28%
QuebecGatineau
28%
British ColumbiaNanaimo
28%
OntarioPeel
28%
New Brunswick | Nova Scotia | Prince Edward IslandQueens
28%
Alberta | Manitoba | Newfoundland and Labrador | SaskatchewanDivision 2
27%
Alberta | Manitoba | Newfoundland and Labrador | SaskatchewanDivision 3
27%
OntarioKenora
27%
QuebecSherbrooke
27%
New BrunswickAlbert
26%
Alberta | Manitoba | Newfoundland and Labrador | SaskatchewanDivision 10
26%
Alberta | Manitoba | Newfoundland and Labrador | SaskatchewanDivision 11
26%
Alberta | Manitoba | SaskatchewanDivision 12
26%
Alberta | Manitoba | SaskatchewanDivision 13
26%
Alberta | Manitoba | SaskatchewanDivision 14
26%
Alberta | Manitoba | SaskatchewanDivision 15
26%
Alberta | Manitoba | SaskatchewanDivision 16
26%
Alberta | Manitoba | SaskatchewanDivision 17
26%
Alberta | Manitoba | SaskatchewanDivision 18
26%
Alberta | ManitobaDivision 19
26%
ManitobaDivision 20
26%
ManitobaDivision 21
26%
ManitobaDivision 22
26%
ManitobaDivision 23
26%
Alberta | Manitoba | Newfoundland and Labrador | SaskatchewanDivision 4
26%
Alberta | Manitoba | Newfoundland and Labrador | SaskatchewanDivision 5
26%
Alberta | Manitoba | Newfoundland and Labrador | SaskatchewanDivision 6
26%
Alberta | Manitoba | Newfoundland and Labrador | SaskatchewanDivision 7
26%
Alberta | Manitoba | Newfoundland and Labrador | SaskatchewanDivision 8
26%
Alberta | Manitoba | Newfoundland and Labrador | SaskatchewanDivision 9
26%
OntarioDurham
26%
OntarioWaterloo
25%
OntarioHuron
24%
OntarioMiddlesex
24%
OntarioBruce
23%
British ColumbiaCapital
23%
OntarioHaldimand Norfolk
22%
OntarioManitoulin
22%
QuebecNord-du-Québec
22%
OntarioPeterborough
22%
Nova ScotiaRichmond
22%
OntarioAlgoma
21%
OntarioBrant
21%
OntarioHalton
21%
New BrunswickKent
21%
OntarioMuskoka
21%
OntarioSimcoe
21%
British ColumbiaStikine
21%
British ColumbiaFraser Valley
20%
OntarioGrey
20%
OntarioLeeds and Grenville
20%
OntarioNipissing
20%
New Brunswick | OntarioNorthumberland
20%
OntarioOxford
20%
OntarioParry Sound
20%
OntarioRainy River
20%
OntarioCochrane
19%
OntarioFrontenac
19%
OntarioHaliburton
19%
OntarioKawartha Lakes
19%
OntarioPerth
19%
OntarioTimiskaming
19%
OntarioWellington
19%
QuebecDrummond
18%
British ColumbiaEast Kootenay
18%
OntarioElgin
18%
OntarioHastings
18%
NunavutKeewatin
18%
OntarioLambton
18%
OntarioLennox and Addington
18%
QuebecLongueuil
18%
Northwest TerritoriesRegion 1
18%
Northwest TerritoriesRegion 2
18%
Northwest TerritoriesRegion 3
18%
Northwest TerritoriesRegion 4
18%
Northwest TerritoriesRegion 5
18%
Northwest TerritoriesRegion 6
18%
OntarioRenfrew
18%
OntarioStormont, Dundas, and Glengarry
18%
British ColumbiaCentral Kootenay
17%
British ColumbiaCentral Okanagan
17%
OntarioDufferin
17%
British ColumbiaKitimat-Stikine
17%
British ColumbiaNorthern Rockies
17%
British ColumbiaNorth Okanagan
17%
OntarioPrescott and Russell
17%
British ColumbiaSunshine Coast
17%
British ColumbiaCariboo
16%
British ColumbiaCentral Coast
16%
Nova ScotiaInverness
16%
NunavutKitikmeot
16%
OntarioLanark
16%
British ColumbiaNorth Coast
16%
British ColumbiaPeace River
16%
British ColumbiaPowell River
16%
British ColumbiaStrathcona
16%
Nova ScotiaYarmouth
16%
New BrunswickCarleton
15%
British ColumbiaColumbia-Shuswap
15%
British ColumbiaComox Valley
15%
QuebecLévis
15%
Nova ScotiaLunenburg
15%
British ColumbiaThompson-Nicola
15%
QuebecAbitibi
14%
Nova ScotiaAntigonish
14%
British ColumbiaCowichan Valley
14%
Nova ScotiaCumberland
14%
British ColumbiaFraser-Fort George
14%
Nova ScotiaGuysborough
14%
British ColumbiaKootenay Boundary
14%
New BrunswickMadawaska
14%
British ColumbiaMount Waddington
14%
QuebecPontiac
14%
New BrunswickRestigouche
14%
QuebecRouyn-Noranda
14%
Nova ScotiaShelburne
14%
QuebecTémiscamingue
14%
New BrunswickWestmorland
14%
QuebecAbitibi-Ouest
13%
British ColumbiaAlberni-Clayoquot
13%
British ColumbiaBulkley-Nechako
13%
QuebecCharlevoix
13%
Nova ScotiaDigby
13%
Nova ScotiaHants
13%
British ColumbiaOkanagan-Similkameen
13%
British ColumbiaSquamish-Lillooet
13%
QuebecActon
12%
Nova ScotiaAnnapolis
12%
QuebecAvignon
12%
QuebecCharlevoix-Est
12%
QuebecCoaticook
12%
Nova ScotiaColchester
12%
QuebecFrancheville
12%
New BrunswickGloucester
12%
QuebecLac-Saint-Jean-Est
12%
QuebecLa Haute-Côte-Nord
12%
QuebecLa Tuque
12%
QuebecLa Vallée-de-la-Gatineau
12%
QuebecMirabel
12%
QuebecPapineau
12%
Nova ScotiaPictou
12%
New BrunswickSunbury
12%
QuebecAntoine-Labelle
11%
QuebecArgenteuil
11%
QuebecArthabaska
11%
QuebecBeauce-Sartigan
11%
QuebecBecancour
11%
QuebecBellechasse
11%
QuebecBonaventure
11%
QuebecDeux-Montagnes
11%
QuebecJoliette
11%
QuebecKamouraska
11%
QuebecLa Matapédia
11%
QuebecLa Mitis
11%
QuebecLa Vallée-de-l'Or
11%
QuebecLe Granit
11%
QuebecL'Érable
11%
QuebecLes Collines-de-l'Outaouais
11%
QuebecLes Moulins
11%
QuebecL'Île-d'Orléans
11%
QuebecL'Islet
11%
QuebecManicouagan
11%
QuebecMontmagny
11%
QuebecPortneuf
11%
QuebecShawinigan
11%
QuebecTémiscouata
11%
QuebecThérèse-De Blainville
11%
QuebecVaudreuil-Soulanges
11%
QuebecBrome-Missisquoi
10%
QuebecD'Autray
10%
QuebecLa Côte-de-Beaupré
10%
QuebecLa Côte-de-Gaspé
10%
QuebecLa Haute-Gaspésie
10%
QuebecLa Jacques-Cartier
10%
QuebecLajemmerais
10%
QuebecLa Nouvelle-Beauce
10%
QuebecLa Rivière-du-Nord
10%
QuebecL'Assomption
10%
QuebecLa Vallée-du-Richelieu
10%
QuebecLe Saguenay-et-son-Fjord
10%
QuebecLes Basques
10%
QuebecLes Etchemins
10%
QuebecLes Laurentides
10%
QuebecLes Pays-d'en-Haut
10%
QuebecLes Sources
10%
QuebecLotbinière
10%
QuebecMaria-Chapdelaine
10%
QuebecMaskinongé
10%
QuebecMatane
10%
QuebecMékinac
10%
QuebecMemphrémagog
10%
QuebecMinganie-Le Golfe-du-Saint-Laurent
10%
QuebecMontcalm
10%
QuebecRivière-du-Loup
10%
QuebecRobert-Cliche
10%
QuebecRoussillon
10%
QuebecSept-Rivières-Caniapiscau
10%
QuebecBeauharnois-Salaberry
9%
QuebecLa Haute-Yamaska
9%
QuebecLe Haut-Richelieu
9%
QuebecLe Haut-Saint-François
9%
QuebecLe Haut-Saint-Laurent
9%
QuebecLe Rocher-Percé
9%
QuebecLes Appalaches
9%
QuebecLes Îles-de-la-Madeleine
9%
QuebecLes Jardins-de-Napierville
9%
QuebecLes Maskoutains
9%
QuebecLe Val-Saint-François
9%
QuebecMatawinie
9%
QuebecNicolet-Yamaska
9%
QuebecPierre-De Saurel
9%
QuebecRimouski-Neigette
9%
QuebecRouville
9%
QuebecLe Domiaine-du-Roy
5%

Score Distribution

Percentile by Number Answered

Percent of People with Each Score

Your Score History

You have not taken this quiz